| 000 | 00553nam a2200181Ia 4500 | ||
|---|---|---|---|
| 005 | 20250508153219.0 | ||
| 008 | 008 250505s9999 xx 000 0 eng d | ||
| 037 | _aTextual | ||
| 040 |
_aFEDL _beng _cFEDL |
||
| 041 |
_aeng _2eng |
||
| 084 |
_a901.943, MOS _qFEDL |
||
| 100 | _aMosse George L | ||
| 245 | 0 | _aCulture of Western Europe: The nineteenth and twentieth centuries: An introduction | |
| 260 |
_aChicago USA _bRand McNally and Company _c1961 |
||
| 300 | _a439p | ||
| 942 |
_cTEXL _h901.943, MOS |
||
| 999 |
_c1341297 _d1341297 |
||